| 000 | 00578nam a2200205Ia 4500 | ||
|---|---|---|---|
| 005 | 20250508150454.0 | ||
| 008 | 008 250505s9999 xx 000 0 eng d | ||
| 037 | _aTextual | ||
| 040 |
_aFEDL _beng _cFEDL |
||
| 041 |
_aeng _2eng |
||
| 084 |
_a150.195, LAI _qFEDL |
||
| 100 |
_aLaignel - Lavastine M _9756765 |
||
| 245 | 0 | _aConcentric method in the diagnosis of psychoneurotics | |
| 260 |
_aLondon, UK _bKegan Paul _c1931 |
||
| 300 | _ax,217p. | ||
| 365 |
_aINR _b19 |
||
| 650 | _aPsychology | ||
| 942 |
_cTEXL _h150.195, LAI |
||
| 999 |
_c1323812 _d1323812 |
||